MARC details
| 000 -LEADER |
| campo de control de longitud fija |
01889nam a2200157 4500 |
| 008 - DATOS DE LONGITUD FIJA--INFORMACIÓN GENERAL |
| campo de control de longitud fija |
700.74 SE495s |
| 020 ## - NÚMERO INTERNACIONAL ESTÁNDAR DEL LIBRO |
| Número Internacional Estándar del Libro |
9597160048 |
| 082 ## - NÚMERO DE LA CLASIFICACIÓN DECIMAL DEWEY |
| Número de clasificación |
700.74 |
| Número de ítem |
SE495S |
| 100 ## - ENTRADA PRINCIPAL--NOMBRE DE PERSONA |
| Nombre de persona |
Herrera Ysla, Nelson (edición) |
| 9 (RLIN) |
7127 |
| 245 ## - MENCIÓN DEL TÍTULO |
| Título |
Uno más cerca del otro: |
| Resto del título |
Séptima Bienal de La Habana. Noviembre 2000 - enero 2001 |
| 260 ## - PUBLICACIÓN, DISTRIBUCIÓN, ETC. |
| Lugar de publicación, distribución, etc. |
Cuba |
| Nombre del editor, distribuidor, etc. |
Consejo Nacional de las Artes Plásticas |
| -- |
Empresa Comexter S.A. |
| Fecha de publicación, distribución, etc. |
2001 |
| 300 ## - DESCRIPCIÓN FÍSICA |
| Extensión |
242 p. |
| Otras características físicas |
il. |
| Dimensiones |
27,5 x 22,5 cm |
| 505 ## - NOTA DE CONTENIDO CON FORMATO |
| Título |
Presentación |
| -- |
Una Bienal entre dos tiempos |
| Mención de responsabilidad |
Rafael Acosta de Arriba |
| Título |
Comunicación en tiempo difíciles: uno más cerca del otro |
| Mención de responsabilidad |
Nelson Herrera Ysla |
| Título |
Invitados |
| -- |
Exposiciones especiales |
| -- |
El Renacimiento Tecnológico: un concepto para el siglo XXI |
| Mención de responsabilidad |
Allan Edmunds |
| Título |
El Tercer Mundo, el Sur, la gente en casa |
| Mención de responsabilidad |
Corina Matamoros |
| Título |
Cerámica Cubana Contemporánea |
| Mención de responsabilidad |
Alejandro Alonso |
| Título |
Jean Michel Basquiat: ficción o realidad |
| Mención de responsabilidad |
Prof. Dr. Elena Ochoa |
| Título |
Arte y comunicación: carteles cubanos de cine |
| Mención de responsabilidad |
Sara Vega, Alicia García |
| Título |
Helio Oiticica |
| -- |
Talleres de creación |
| -- |
Encuentro de teoría y crítica |
| -- |
Encuentro de arquitectura |
| -- |
Exposiciones de arquitectura cubana |
| -- |
Atrapada con salida |
| Mención de responsabilidad |
María E. Martínez Zequeira |
| Título |
La Ciudad antigua. El rescate del Centro Histórico de la Habana vieja |
| Mención de responsabilidad |
María del Rosario Castell |
| Título |
De La Habana mañana y La Habana cotidiana |
| Mención de responsabilidad |
María Coyula |
| Título |
La ciudad del futuro |
| Mención de responsabilidad |
Colectivo de autores de la Dirección Provincial de Planificación Física de la Ciudad de La Habana |
| Título |
Volver a los sesenta |
| Mención de responsabilidad |
Eduardo Luis Rodríguez |
| Título |
Los premios Nacionales de Arquitectura |
| Mención de responsabilidad |
Isabel León |
| Título |
Muestra |
| -- |
Los premios Nacionales de Arquitectura |
| -- |
Encuentro Internacional de Profesores y Estudiantes de Artes Plásticas |
| -- |
Indice de Artistas por orden alfabético |
| -- |
Indice de Artistas por países |
| 650 ## - PUNTO DE ACCESO ADICIONAL DE MATERIA--TÉRMINO DE MATERIA |
| Subdivisión general |
arte contemporáneo |
| -- |
arte - Bienal |
| -- |
arte - exhibiciones |
| -- |
Cuba |
| 9 (RLIN) |
7128 |
| 700 ## - ENTRADA AGREGADA--NOMBRE PERSONAL |
| Nombre de persona |
Ricardo Suárez, Lourdes A. (edición) |
| 9 (RLIN) |
7129 |